[Event "Kostroma Volga Cup op"]
[Site "Kostroma"]
[Date "2009.07.??"]
[Round "8"]
[White "Kazennov, Ivan"]
[Black "Karataev, Oleg"]
[Result "0-1"]
[WhiteElo "1884"]
[BlackElo "2004"]
[PlyCount "71"]
[EventDate "2009.07.03"]
[EventType "swiss"]
[EventRounds "9"]
[EventCountry "RUS"]
[SourceTitle "EXT 2021"]
[Source "ChessBase"]
[SourceDate "2020.10.23"]
[SourceVersion "1"]
[SourceVersionDate "2020.10.23"]
[SourceQuality "1"]

1. e4 e6 2. d4 d5 3. Nc3 Nf6 4. e5 Nfd7 5. f4 c5 6. Nf3 a6 7. Be3 Qb6 8. Rb1 Nc6 9. Qd2 cxd4 10. Nxd4 Nxd4 11. Bxd4 Qc7 12. a3 b5 13. Bd3 Bc5 14. Ne2 Bb7 15. c3 0-0-0 16. Bxc5 Nxc5 17. Nd4 Ne4 18. Qe2 Nxc3 19. Nxb5 Nxe2 20. Nxc7 Nxf4 21. Bxa6 Kxc7 22. Bxb7 Kxb7 23. Kd2 Rc8 24. g3 Ng6 25. Rbe1 Rc7 26. Rhf1 Rhc8 27. Kd3 Kb6 28. h4 h5 29. Re2 Rf8 30. b3 Ne7 31. Rf4 Nf5 32. Rb4+ Kc6 33. Rg2 Kd7 34. a4 Rfc8 35. Ke2 Rc2+ 36. Kd1 0-1

[Event "Kostroma Volga Cup op"]
[Site "Kostroma"]
[Date "2009.07.??"]
[Round "5"]
[White "Markevich, Ilya"]
[Black "Karataev, Oleg"]
[Result "1-0"]
[WhiteElo "2134"]
[BlackElo "2004"]
[PlyCount "37"]
[EventDate "2009.07.03"]
[EventType "swiss"]
[EventRounds "9"]
[EventCountry "RUS"]
[SourceTitle "EXT 2021"]
[Source "ChessBase"]
[SourceDate "2020.10.23"]
[SourceVersion "1"]
[SourceVersionDate "2020.10.23"]
[SourceQuality "1"]

1. e4 e6 2. d4 d5 3. Nc3 Nf6 4. Bg5 dxe4 5. Nxe4 Be7 6. Bxf6 Bxf6 7. Ne2 b6 8. g3 Bb7 9. Bg2 Nc6 10. c3 Qd7 11. 0-0 0-0-0 12. b4 Ne7 13. Qb3 Nf5 14. Rfb1 Qe7 15. Qa4 Qe8 16. Qxa7 Be7 17. Nf6 Bxf6 18. Qxb7+ Kd7 19. Bc6+ 1-0

[Event "St Petersburg White Nights op"]
[Site "St Petersburg"]
[Date "2009.06.17"]
[Round "9"]
[White "Ganichev, Alexander"]
[Black "Karataev, Oleg"]
[Result "1-0"]
[WhiteElo "2154"]
[BlackElo "1995"]
[PlyCount "87"]
[EventDate "2009.06.09"]
[EventType "swiss"]
[EventRounds "9"]
[EventCountry "RUS"]
[SourceTitle "EXT 2011"]
[Source "ChessBase"]
[SourceDate "2010.11.26"]
[SourceVersion "1"]
[SourceVersionDate "2010.11.26"]
[SourceQuality "1"]

1. e4 e6 2. d4 d5 3. Nc3 Nf6 4. e5 Nfd7 5. f4 c5 6. Nf3 a6 7. Be3 Qb6 8. a3 Nc6 9. dxc5 Bxc5 10. Na4 Qa5+ 11. b4 Qxa4 12. bxc5 Qa5+ 13. Qd2 Qxd2+ 14. Kxd2 f6 15. Re1 0-0 16. exf6 Nxf6 17. Bd3 Ng4 18. Rhf1 Bd7 19. h3 Nxe3 20. Kxe3 Rae8 21. Rb1 Bc8 22. Ne5 Nxe5 23. fxe5 Rxf1 24. Bxf1 Kf7 25. Rb6 Kg6 26. g4 h5 27. Be2 hxg4 28. Bxg4 Kf7 29. Kd4 Re7 30. c6 bxc6 31. Rxc6 Bb7 32. Rb6 Bc8 33. Kc5 Rc7+ 34. Rc6 Rxc6+ 35. Kxc6 Ke7 36. Kc7 Bd7 37. Be2 Ba4 38. c3 a5 39. Kb6 Bc2 40. Kxa5 Kd7 41. Kb5 Kc7 42. Bg4 Bd3+ 43. Kc5 Kd7 44. a4 1-0

[Event "St Petersburg Chigorin CC-ch"]
[Site "St Petersburg"]
[Date "2009.05.27"]
[Round "7"]
[White "Karataev, Oleg"]
[Black "Dorokhova, Regina"]
[Result "1/2-1/2"]
[WhiteElo "1995"]
[BlackElo "1973"]
[PlyCount "38"]
[EventDate "2009.05.19"]
[EventType "swiss"]
[EventRounds "9"]
[EventCountry "RUS"]
[SourceTitle "CBM 130 Extra"]
[Source "ChessBase"]
[SourceDate "2009.07.02"]
[SourceVersion "2"]
[SourceVersionDate "2009.07.15"]
[SourceQuality "1"]

1. e4 c5 2. d3 Nc6 3. g3 g6 4. Bg2 Bg7 5. f4 d6 6. Nf3 f5 7. Nc3 Nh6 8. 0-0 0-0 9. Nd5 b5 10. a4 b4 11. Ng5 e6 12. Ne3 Qc7 13. exf5 Nxf5 14. Nxf5 gxf5 15. Re1 Rf6 16. Qh5 Bd7 17. Qxh7+ Kf8 18. Qh5 Kg8 19. Qh7+ Kf8 1/2-1/2

[Event "St Petersburg Chigorin CC-ch"]
[Site "St Petersburg"]
[Date "2009.05.24"]
[Round "5"]
[White "Karataev, Oleg"]
[Black "Gorbov, Andrey"]
[Result "1/2-1/2"]
[WhiteElo "1995"]
[BlackElo "1939"]
[PlyCount "77"]
[EventDate "2009.05.19"]
[EventType "swiss"]
[EventRounds "9"]
[EventCountry "RUS"]
[SourceTitle "CBM 130 Extra"]
[Source "ChessBase"]
[SourceDate "2009.07.02"]
[SourceVersion "2"]
[SourceVersionDate "2009.07.15"]
[SourceQuality "1"]

1. d4 d5 2. Nf3 Nf6 3. Bf4 Bf5 4. e3 e6 5. c4 c6 6. Nc3 Nbd7 7. h3 h6 8. cxd5 exd5 9. Be2 Ne4 10. 0-0 Ndf6 11. Ne5 Bd6 12. f3 Ng5 13. Qb3 Qe7 14. Rfe1 Nh5 15. Bf1 0-0 16. Ne2 Nxf4 17. exf4 Ne6 18. g4 Bh7 19. f5 Nxd4 20. Nxd4 Bxe5 21. Qe3 Bxd4 22. Qxd4 Qd6 23. f4 a6 24. Re5 Rfe8 25. Rae1 Qd7 26. b4 Kh8 27. Bd3 f6 28. R5e3 Bg8 29. h4 Rxe3 30. Rxe3 Re8 31. Rxe8 Qxe8 32. Kf2 Qe7 33. a3 a5 34. Qb6 axb4 35. axb4 Bf7 36. Qd4 b5 37. Qc3 Qc7 38. Qd4 Qb7 39. Kf3 1/2-1/2

[Event "St Petersburg Chigorin CC-ch"]
[Site "St Petersburg"]
[Date "2009.05.20"]
[Round "2"]
[White "Rumiantsev, Alex"]
[Black "Karataev, Oleg"]
[Result "1/2-1/2"]
[WhiteElo "1931"]
[BlackElo "1995"]
[PlyCount "131"]
[EventDate "2009.05.19"]
[EventType "swiss"]
[EventRounds "9"]
[EventCountry "RUS"]
[SourceTitle "CBM 130 Extra"]
[Source "ChessBase"]
[SourceDate "2009.07.02"]
[SourceVersion "2"]
[SourceVersionDate "2009.07.15"]
[SourceQuality "1"]

1. e4 e6 2. d4 d5 3. Nc3 Nf6 4. Bg5 Bb4 5. e5 h6 6. Bd2 Bxc3 7. bxc3 Ne4 8. Nf3 c5 9. Bd3 Nc6 10. 0-0 Bd7 11. Qe1 Nxd2 12. Qxd2 Qa5 13. Rfb1 c4 14. Bf1 b5 15. a3 Rb8 16. Ne1 Qd8 17. g3 a5 18. Bg2 Qe7 19. f4 g6 20. Nf3 Kd8 21. Kf2 Kc7 22. Ne1 h5 23. Nf3 Rb7 24. h4 Rhb8 25. Ne1 b4 26. cxb4 axb4 27. axb4 Rxb4 28. Rxb4 Qxb4 29. Qxb4 Rxb4 30. Ke3 c3 31. Ra3 Nxd4 32. Rxc3+ Kb6 33. Rd3 Nf5+ 34. Kd2 Bb5 35. Ra3 d4 36. Be4 Ne3 37. Bd3 Rb1 38. Ra8 Rd1+ 39. Ke2 Bxd3+ 40. cxd3 Rc1 41. Rb8+ Kc7 42. Rf8 Nf5 43. Rxf7+ Kd8 44. Rf6 Nxg3+ 45. Kd2 Rc6 46. Rxg6 Nf5 47. Rg5 Nxh4 48. Rxh5 Ng6 49. Nf3 Nxf4 50. Rh8+ Ke7 51. Nxd4 Ra6 52. Rh7+ Kf8 53. Rh6 Ke7 54. Nf3 Nd5 55. Rh7+ Ke8 56. Ng5 Ra2+ 57. Ke1 Ra1+ 58. Kf2 Nf4 59. Ke3 Ng6 60. Nxe6 Re1+ 61. Kd4 Rxe5 62. Nc5 Re7 63. Rxe7+ Kxe7 64. Ke4 Kd6 65. Nb7+ Kc7 66. Na5 1/2-1/2

[Event "St Petersburg June op"]
[Site "St Petersburg"]
[Date "2008.06.27"]
[Round "7"]
[White "Karataev, Oleg"]
[Black "Zakharov, Yuri Vasilievich"]
[Result "1-0"]
[WhiteElo "1907"]
[BlackElo "2085"]
[PlyCount "111"]
[EventDate "2008.06.21"]
[EventType "swiss"]
[EventRounds "9"]
[EventCountry "RUS"]
[SourceTitle "CBM 125 Extra"]
[Source "ChessBase"]
[SourceDate "2008.09.01"]
[SourceVersion "1"]
[SourceVersionDate "2008.09.01"]
[SourceQuality "1"]

1. e4 c5 2. d3 d6 3. g3 Nf6 4. Bg2 Nc6 5. f4 g6 6. Nf3 Bg4 7. c3 Bg7 8. 0-0 0-0 9. h3 Bd7 10. g4 Qb6 11. Nbd2 c4+ 12. d4 Na5 13. f5 gxf5 14. gxf5 e5 15. Kh1 Nh5 16. Kh2 Nf4 17. Rg1 Kh8 18. Nf1 f6 19. Ng3 Be8 20. Nh4 Bh6 21. Bf3 Rg8 22. Ng2 Bf7 23. Qc2 Rg7 24. Bxf4 exf4 25. Ne2 d5 26. e5 fxe5 27. dxe5 Rag8 28. e6 Rxg2+ 29. Rxg2 Rxg2+ 30. Kxg2 Bg8 31. e7 Bf7 32. Nd4 Qf6 33. Re1 Be8 34. Re6 Qg5+ 35. Bg4 Bg7 36. Nb5 h5 37. f6 Bxf6 38. Qf5 f3+ 39. Qxf3 Bxe7 40. Qf5 hxg4 41. Qxg5 gxh3+ 42. Kxh3 Bxg5 43. Rxe8+ Kg7 44. Nxa7 Kf6 45. Kg4 Bh6 46. Nb5 Nc6 47. Nc7 Ne7 48. Rb8 Ke5 49. Rxb7 Be3 50. a4 d4 51. cxd4+ Bxd4 52. Nb5 Bc5 53. a5 Nd5 54. a6 Ne3+ 55. Kf3 Nd1 56. a7 1-0

[Event "St Petersburg June op"]
[Site "St Petersburg"]
[Date "2008.06.23"]
[Round "3"]
[White "Karataev, Oleg"]
[Black "Lupik, Marina"]
[Result "0-1"]
[WhiteElo "1907"]
[BlackElo "2129"]
[PlyCount "70"]
[EventDate "2008.06.21"]
[EventType "swiss"]
[EventRounds "9"]
[EventCountry "RUS"]
[SourceTitle "CBM 125 Extra"]
[Source "ChessBase"]
[SourceDate "2008.09.01"]
[SourceVersion "1"]
[SourceVersionDate "2008.09.01"]
[SourceQuality "1"]

1. e4 c5 2. d3 Nc6 3. g3 g6 4. Bg2 Bg7 5. f4 b5 6. Nf3 Rb8 7. 0-0 d6 8. Nc3 b4 9. Ne2 Nf6 10. h3 0-0 11. g4 c4 12. g5 cxd3 13. cxd3 Qb6+ 14. Kh1 Nh5 15. Kh2 Ba6 16. f5 Qb5 17. Ne1 Nd4 18. Nf4 Nxf4 19. Bxf4 gxf5 20. exf5 Nxf5 21. Be4 Bb7 22. Ng2 Bxe4 23. dxe4 Nd4 24. Rc1 Ne6 25. Qd5 Bxb2 26. Qxb5 Rxb5 27. Rb1 Bc3 28. Rfc1 Nxf4 29. Nxf4 Bd2 30. Rf1 Bxf4+ 31. Rxf4 a5 32. h4 Rc5 33. Kg3 Rc2 34. Rf2 Rxf2 35. Kxf2 Rc8 0-1

[Event "St Petersburg June op"]
[Site "St Petersburg"]
[Date "2008.06.22"]
[Round "2"]
[White "Turikov, Viktor"]
[Black "Karataev, Oleg"]
[Result "0-1"]
[WhiteElo "2335"]
[BlackElo "1907"]
[PlyCount "72"]
[EventDate "2008.06.21"]
[EventType "swiss"]
[EventRounds "9"]
[EventCountry "RUS"]
[SourceTitle "CBM 125 Extra"]
[Source "ChessBase"]
[SourceDate "2008.09.01"]
[SourceVersion "1"]
[SourceVersionDate "2008.09.01"]
[SourceQuality "1"]

1. d4 e6 2. Nf3 f5 3. Bg5 Nf6 4. Nc3 Be7 5. Bxf6 Bxf6 6. e4 fxe4 7. Nxe4 0-0 8. Bd3 d6 9. Qe2 Nc6 10. c3 Re8 11. 0-0-0 e5 12. dxe5 Nxe5 13. Nxe5 Bxe5 14. g3 Bd7 15. f4 Bf6 16. Qc2 g6 17. h4 Bf5 18. h5 Kg7 19. Nf2 Bxd3 20. Qxd3 Qd7 21. hxg6 hxg6 22. g4 Qf7 23. Kb1 Rh8 24. Rhf1 Rae8 25. Ka1 Rh4 26. g5 Bd8 27. Qd4+ Kg8 28. Nd3 Bxg5 29. Qxa7 Bxf4 30. Qxb7 g5 31. Qg2 Rh2 32. Qg1 Ra8 33. Nb4 c5 34. Nd5 Qb7 35. Rf2 Rxf2 36. Qxf2 Qb3 0-1

[Event "St Petersburg March op"]
[Site "St Petersburg"]
[Date "2008.03.23"]
[Round "2"]
[White "Karataev, Oleg"]
[Black "Sinajskij, Anatolij"]
[Result "1/2-1/2"]
[WhiteElo "1907"]
[BlackElo "2104"]
[PlyCount "84"]
[EventDate "2008.03.22"]
[EventType "swiss"]
[EventRounds "9"]
[EventCountry "RUS"]
[SourceTitle "EXT 2010"]
[Source "ChessBase"]
[SourceDate "2010.11.25"]
[SourceVersion "1"]
[SourceVersionDate "2010.11.25"]
[SourceQuality "1"]

1. d4 Nf6 2. Nf3 g6 3. Bf4 Bg7 4. e3 0-0 5. Be2 c5 6. c3 cxd4 7. cxd4 Na6 8. Nc3 d6 9. h3 Bd7 10. 0-0 Qa5 11. Nd2 Rfc8 12. Nc4 Qd8 13. a4 Be6 14. d5 Bd7 15. f3 Qf8 16. g4 Rc5 17. e4 Rac8 18. Qb3 R5c7 19. Nb5 Nc5 20. Qc2 Bxb5 21. axb5 b6 22. b4 Ncd7 23. Ra2 Bh6 24. g5 Nh5 25. Be3 Bg7 26. f4 Ng3 27. Rc1 f5 28. exf5 Nxe2+ 29. Qxe2 Qxf5 30. Rd2 Qe4 31. Rdc2 Qf5 32. Nxd6 Qxc2 33. Rxc2 Rxc2 34. Qg4 exd6 35. Qxd7 Rf8 36. Qxd6 Re2 37. Bf2 Rc8 38. Kf1 Rcc2 39. Qd8+ Kf7 40. Qd7+ Kf8 41. Qd8+ Kf7 42. Qd7+ Kf8 1/2-1/2